书目信息 |
| 题名: |
现代汉语虚词
|
|
| 作者: | 景士俊 著 | |
| 分册: | ||
| 出版信息: | 呼和浩特 内蒙古人民出版社 1980 |
|
| 页数: | 346页 | |
| 开本: | 19cm | |
| 丛书名: | ||
| 单 册: | ||
| 中图分类: | H146.2 , H1 | |
| 科图分类: | ||
| 主题词: | 汉语-虚词 , 虚词-汉语 , 汉语 | |
| 电子资源: | ||
| ISBN: | ||
| 000 | 00704nam0 2200277 45 | |
| 001 | 1570832171 | |
| 005 | 20150124194104.79 | |
| 010 | @dCNY0.95 | |
| 091 | @aCN@b7089.152 | |
| 100 | @a19950405d1980 em y0chiy0121 ea | |
| 101 | 0 | @achi |
| 102 | @aCN@b150000 | |
| 105 | @ay z 000yy | |
| 200 | 10 | @a现代汉语虚词@Axian dai han yu xu ci@f景士俊著 |
| 210 | @a呼和浩特@c内蒙古人民出版社@d1980 | |
| 215 | @a346页@d19cm | |
| 300 | @a本书介绍现代汉语虚词四百九十二条。 | |
| 606 | @a汉语-虚词 | |
| 606 | @a虚词-汉语 | |
| 606 | 0 | @a汉语 |
| 690 | @aH146.2@v3 | |
| 690 | @aH1@v4 | |
| 701 | 0 | @a景士俊@Ajing shi jun@4著 |
| 801 | 0 | @aCN@bTSSF@c20150124 |
| 801 | 2 | @aCN@bNLC |
| 905 | @aZUCC@dH1@eJY39 | |
| 现代汉语虚词/景士俊著.-呼和浩特:内蒙古人民出版社,1980 |
| 346页;19cm |
| 本书介绍现代汉语虚词四百九十二条。 |
| ISBN :CNY0.95 |
| ● |
| 相关链接 |
|
|
|
|
正题名:现代汉语虚词
索取号:H1/JY39
 
预约/预借
| 序号 | 登录号 | 条形码 | 馆藏地/架位号 | 状态 | 备注 |
| 1 | 7843737 | 278437372 | 学院路分馆/ [索取号:H1/JY39] | 在馆 | |
| 2 | 7843738 | 278437381 | 学院路分馆/ [索取号:H1/JY39] | 在馆 |